<?xml version="1.0" encoding="UTF-8"?>
<record
    xmlns:xsi="http://www.w3.org/2001/XMLSchema-instance"
    xsi:schemaLocation="http://www.loc.gov/MARC21/slim http://www.loc.gov/standards/marcxml/schema/MARC21slim.xsd"
    xmlns="http://www.loc.gov/MARC21/slim">

  <leader>00651nas a22001697a 4500</leader>
  <datafield tag="999" ind1=" " ind2=" ">
    <subfield code="c">1222</subfield>
    <subfield code="d">1222</subfield>
  </datafield>
  <controlfield tag="008">130306t20009999-us||||| |||| 00| 0 spa d</controlfield>
  <datafield tag="245" ind1=" " ind2=" ">
    <subfield code="a">Noticias sobre AIEPI (Atencion Intergrada a las Enfermedades Prevalentes de la Infancia)</subfield>
  </datafield>
  <datafield tag="260" ind1=" " ind2=" ">
    <subfield code="a">Washington:</subfield>
    <subfield code="b">Unidad de Atencion Integrada a las Enfermedades Transmisibles;</subfield>
    <subfield code="b">OPS,</subfield>
    <subfield code="c">2000</subfield>
  </datafield>
  <datafield tag="300" ind1=" " ind2=" ">
    <subfield code="a">v. :</subfield>
  </datafield>
  <datafield tag="310" ind1=" " ind2=" ">
    <subfield code="a">cuatrimestral</subfield>
  </datafield>
  <datafield tag="546" ind1=" " ind2=" ">
    <subfield code="a">espa&#xF1;ol</subfield>
  </datafield>
  <datafield tag="590" ind1=" " ind2=" ">
    <subfield code="a">Existencias: 2000 (3,4); 2001 (6)
BAJA DEPOSITO (CAJA 24) MAYO 2019</subfield>
  </datafield>
  <datafield tag="650" ind1=" " ind2=" ">
    <subfield code="a">PEDIATRIA</subfield>
    <subfield code="9">1741</subfield>
  </datafield>
  <datafield tag="650" ind1=" " ind2=" ">
    <subfield code="a">ATENCION PRIMARIA DE SALUD</subfield>
    <subfield code="9">1945</subfield>
  </datafield>
  <datafield tag="856" ind1=" " ind2=" ">
    <subfield code="u">http://www.paho.org/spanish/hcp/hct/imci/noticias.htm</subfield>
  </datafield>
  <datafield tag="942" ind1=" " ind2=" ">
    <subfield code="2">ddc</subfield>
    <subfield code="c">CR</subfield>
  </datafield>
</record>
